Disciplína v bludisku nealko

Od novembra 2001 sa sprísni označovanie nealkoholických nápojov. Dovážame aj vyvážame nealkoholické nápoje (ale koľko?). Široká škála sladidiel. Presadzujú sa nápoje "do kabelky". Kam s odpadmi z obalov.

Na minha lista:
Detalhes bibliográficos
Autor principal: Vojtková, Viera
Formato: Capítulo de Livro
Idioma:eslovaco
Assuntos:
Tags: Adicionar Tag
Sem tags, seja o primeiro a adicionar uma tag!

MARC

LEADER 00000naa a2200000 4500
001 r041804
005 20231002114215.5
041 0 |a slo 
044 |a SK 
245 1 0 |a Disciplína v bludisku nealko  |c Viera Vojtková 
520 |a Od novembra 2001 sa sprísni označovanie nealkoholických nápojov. Dovážame aj vyvážame nealkoholické nápoje (ale koľko?). Široká škála sladidiel. Presadzujú sa nápoje "do kabelky". Kam s odpadmi z obalov. 
610 2 0 |a potraviny 
610 2 0 |a nápoje nealkoholické 
610 2 0 |a obaly 
610 2 0 |a Slovensko 
100 1 |a Vojtková, Viera